000 00643nam a22001937a 4500
005 20180504112120.0
010 _aENG-122884
020 _a9789386702708
_c499.00
035 _aEN-106416
037 _bDBAD/PUB
082 _a391.009
100 _aSchipper, Mineke
245 _aNaked or covered :
_cby Mineke Schipper
_ba history of dressing and undressing around the world /
260 _aNew Delhi
_bSpeaking Tiger
_c2017
270 _a4381/4, Ansari Road, Daryaganj,
_bNew Delhi
_e110002
300 _a272p.
_c21cm(pbk)
_bill.
500 _aIt includes note, index and bibliography
942 _2ddc
_cEN
_mSCH
_h391.009
999 _c151883
_d151883